{"text_format":"3","workbook":"xlsx","n_sheets":7,"sheets":["表-04 单位工程预算价汇总表","表-08 分部分项工程和单价措施项目清单与计价表(含分部小计)","表-09 分部分项工程量清单综合单价分析表","表-11 总价措施项目清单与计价表","表-12 其他项目清单与计价汇总表","表-13 规费、税金项目清单与计价表","单位工程人材机汇总表"],"read":"whole","date_system":"1900"}

{"sheet":"表-04 单位工程预算价汇总表","index":0,"n_rows":38,"n_cols":6,"rows_kept":38,"merged":[[0,0,0,5],[1,0,1,2],[1,4,1,5],[2,2,2,4],[3,2,3,4],[4,2,4,4],[5,2,5,4],[6,2,6,4],[7,2,7,4],[8,2,8,4],[9,2,9,4],[10,2,10,4],[11,2,11,4],[12,2,12,4],[13,2,13,4],[14,2,14,4],[15,2,15,4],[16,2,16,4],[17,2,17,4],[18,2,18,4],[19,2,19,4],[20,2,20,4],[21,2,21,4],[22,2,22,4],[23,2,23,4],[24,2,24,4],[25,2,25,4],[26,2,26,4],[27,2,27,4],[28,2,28,4],[29,2,29,4],[30,2,30,4],[31,2,31,4],[32,2,32,4],[33,2,33,4],[34,2,34,4],[35,2,35,4],[36,0,36,1],[36,2,36,4],[37,0,37,2],[37,4,37,5]]}
["单位工程汇总表"]
["工程名称：板桥公园、廖地公园建设工程--山顶风雨亭工程",null,null,"标段：","第 1 页  共 1 页"]
["序号","汇总内容","金额:(元)",null,null,"其中：暂估价(元)"]
["1","分部分项合计",39596.67]
["1.1","余泥渣土运输费",99.11]
["1.2","土石方工程",891.29]
["1.3","砌筑工程",2623.73]
["1.4","混凝土及钢筋混凝土工程",18120.79]
["1.5","其他装饰工程",17861.75]
["2","措施合计",11017.26]
["2.1","绿色施工安全防护措施费",4783.4]
["2.2","其他措施费",6233.86]
["3","其他项目",594.66,null,null,"－"]
["3.1","暂列金额"]
["3.2","暂估价"]
["3.3","计日工"]
["3.4","总承包服务费"]
["3.5","预算包干费",594.66]
["3.6","工程优质费"]
["3.7","概算幅度差"]
["3.8","索赔费用"]
["3.9","现场签证费用"]
["3.10","其他费用"]
["4","税前工程造价",51208.59]
["5","增值税销项税额",4608.77,null,null,"－"]
["6","总造价",55817.36]
["7","人工费",12368.51]
{"$rows_empty":9}
["预算价合计=1+2+3+5",null,"55,817.36",null,null,"0.00"]
[{"$nulls":4},"表—04"]

{"sheet":"表-08 分部分项工程和单价措施项目清单与计价表(含分部小计)","index":1,"n_rows":81,"n_cols":11,"rows_kept":81,"merged":[[0,0,0,10],[1,0,1,3],[1,4,1,7],[1,8,1,10],[2,0,3,0],[2,1,3,1],[2,2,3,2],[2,3,3,4],[2,5,3,5],[2,6,3,6],[2,7,2,10],[3,7,3,8],[3,9,3,9],[4,3,4,4],[4,7,4,8],[5,3,5,4],[5,7,5,8],[6,3,6,4],[6,7,6,8],[7,3,7,4],[7,7,7,8],[8,3,8,4],[8,7,8,8],[9,3,9,4],[9,7,9,8],[10,3,10,4],[10,7,10,8],[11,3,11,4],[11,7,11,8],[12,3,12,4],[12,7,12,8],[13,3,13,4],[13,7,13,8],[14,3,14,4],[14,7,14,8],[15,3,15,4],[15,7,15,8],[16,3,16,4],[16,7,16,8],[17,3,17,4],[17,7,17,8],[18,3,18,4],[18,7,18,8],[19,3,19,4],[19,7,19,8],[20,3,20,4],[20,7,20,8],[21,3,21,4],[21,7,21,8],[22,3,22,4],[22,7,22,8],[23,0,23,8],[24,0,24,10],[25,0,25,3],[25,4,25,7],[25,8,25,10],[26,0,26,10],[27,0,27,3],[27,4,27,7],[27,8,27,10],[28,0,29,0],[28,1,29,1],[28,2,29,2],[28,3,29,4],[28,5,29,5],[28,6,29,6],[28,7,28,10],[29,7,29,8],[29,9,29,9],[30,3,30,4],[30,7,30,8],[31,3,31,4],[31,7,31,8],[32,3,32,4],[32,7,32,8],[33,3,33,4],[33,7,33,8],[34,3,34,4],[34,7,34,8],[35,3,35,4],[35,7,35,8],[36,3,36,4],[36,7,36,8],[37,3,37,4],[37,7,37,8],[38,3,38,4],[38,7,38,8],[39,3,39,4],[39,7,39,8],[40,3,40,4],[40,7,40,8],[41,3,41,4],[41,7,41,8],[42,3,42,4],[42,7,42,8],[43,3,43,4],[43,7,43,8],[44,3,44,4],[44,7,44,8],[45,0,45,8],[46,0,46,10],[47,0,47,3],[47,4,47,7],[47,8,47,10],[48,0,48,10],[49,0,49,3],[49,4,49,7],[49,8,49,10],[50,0,51,0],[50,1,51,1],[50,2,51,2],[50,3,51,4],[50,5,51,5],[50,6,51,6],[50,7,50,10],[51,7,51,8],[51,9,51,9],[52,3,52,4],[52,7,52,8],[53,3,53,4],[53,7,53,8],[54,3,54,4],[54,7,54,8],[55,3,55,4],[55,7,55,8],[56,3,56,4],[56,7,56,8],[57,3,57,4],[57,7,57,8],[58,3,58,4],[58,7,58,8],[59,3,59,4],[59,7,59,8],[60,3,60,4],[60,7,60,8],[61,3,61,4],[61,7,61,8],[62,3,62,4],[62,7,62,8],[63,3,63,4],[63,7,63,8],[64,3,64,4],[64,7,64,8],[65,3,65,4],[65,7,65,8],[66,3,66,4],[66,7,66,8],[67,3,67,4],[67,7,67,8],[68,3,68,4],[68,7,68,8],[69,3,69,4],[69,7,69,8],[70,3,70,4],[70,7,70,8],[71,3,71,4],[71,7,71,8],[72,3,72,4],[72,7,72,8],[73,3,73,4],[73,7,73,8],[74,3,74,4],[74,7,74,8],[75,3,75,4],[75,7,75,8],[76,3,76,4],[76,7,76,8],[77,0,77,8],[78,0,78,8],[79,0,79,10],[80,0,80,3],[80,4,80,7],[80,8,80,10]]}
["分部分项工程和单价措施项目清单与计价表"]
["工程名称：板桥公园、廖地公园建设工程--山顶风雨亭工程",{"$nulls":3},"标段：",{"$nulls":3},"第 1 页  共 3 页"]
["序号","项目编码","项目名称","项目特征描述",null,"计量单位","工程量","金额（元）"]
[{"$nulls":7},"综合单价",null,"综合合价","其中：暂估价"]
[null,null,"余泥渣土运输费"]
[1,"010103002001","余方弃置","1.废弃料品种:土方\n2.运距:15km",null,"m3","7.63",12.99,null,99.11]
[null,null,"余泥渣土运输费合计",{"$nulls":6},99.11]
[null,null,"土石方工程"]
[2,"010101003001","挖沟槽土方","1.土壤类别:综合考虑\n2.挖土深度:综合考虑",null,"m3","12.98",7.88,null,102.28]
[3,"010101004001","挖基坑土方","1.土壤类别:综合考虑\n2.挖土深度:综合考虑",null,"m3","24.89",7.98,null,198.62]
[4,"010103001001","回填方","1.土质要求:回填土\n2.密实度要求:按规范要求，夯填",null,"m3","30.23",19.53,null,590.39]
[null,null,"土石方工程合计",{"$nulls":6},891.29]
[null,null,"砌筑工程"]
[5,"010402001001","砌块墙","1.砌块品种、规格、强度等级:蒸压加气混凝土砌块\n2.墙体类型:200mm外墙\n3.砂浆强度等级:M7.5水泥砂浆",null,"m3","4.73",554.7,null,2623.73]
[null,null,"砌筑工程合计",{"$nulls":6},2623.73]
[null,null,"混凝土及钢筋混凝土工程"]
[6,"010501001001","垫层","1.混凝土种类:普通商品混凝土\n2.混凝土强度等级:C15",null,"m3","1.02",677.55,null,691.1]
[7,"010501003001","独立基础","1.混凝土种类:普通商品混凝土\n2.混凝土强度等级:C25",null,"m3","3.92",705.51,null,2765.6]
[8,"010502001001","矩形柱","1.混凝土种类:普通商品混凝土\n2.混凝土强度等级:C25",null,"m3","1.65",824.61,null,1360.61]
[9,"010503001001","基础梁","1.混凝土种类:普通商品混凝土\n2.混凝土强度等级:C25",null,"m3","3.43",703.5,null,2413.01]
[10,"010505001001","有梁板","1.混凝土种类:普通商品混凝土\n2.混凝土强度等级:C25",null,"m3","3.1",721.86,null,2237.77]
[11,"010515001001","现浇构件钢筋","1.钢筋种类、规格:现浇构件圆钢 φ10内",null,"t","0.345",6066.9,null,2093.08]
[12,"010515001002","现浇构件钢筋","1.钢筋种类、规格:现浇构件圆钢 φ25内",null,"t","0.017",5762.13,null,97.96]
["本页小计",{"$nulls":8},15273.26]
["注：为计取规费等的使用，可在表中增设其中：“定额人工费”。"]
[{"$nulls":8},"表—08"]
["分部分项工程和单价措施项目清单与计价表"]
["工程名称：板桥公园、廖地公园建设工程--山顶风雨亭工程",{"$nulls":3},"标段：",{"$nulls":3},"第 2 页  共 3 页"]
["序号","项目编码","项目名称","项目特征描述",null,"计量单位","工程量","金额（元）"]
[{"$nulls":7},"综合单价",null,"综合合价","其中：暂估价"]
[13,"010515001003","现浇构件钢筋","1.钢筋种类、规格:现浇构件带肋钢筋 φ25以内",null,"t","0.731",6358.5,null,4648.06]
[14,"010515001004","现浇构件钢筋","1.钢筋种类、规格:现浇构件箍筋 圆钢 φ10以内",null,"t","0.243",7463.38,null,1813.6]
[null,null,"混凝土及钢筋混凝土工程合计",{"$nulls":6},18120.79]
[null,null,"其他装饰工程"]
[15,"040203008001","块料面层","1.300×300×30mm芝麻灰花岗岩\n2.30mm厚1 :3干硬性水洮砂浆结合层\n3.100mm厚C25混凝土\n4.100mm厚6%水泥石屑",null,"m2","12.95",293.46,null,3800.31]
[16,"011201001001","抹灰面油漆","1.滚刷油性氟碳漆2道\n2.按分缝要求弹线\n3.涂刷抗碱底漆2道\n4.打磨\n5.粗腻子1-2遍；细腻子1遍\n6.20厚1：2.5聚合物水泥砂浆\n7.刷素水泥一道\n8.8厚1:3水泥砂浆打底",null,"m2","35.65",172.24,null,6140.36]
[17,"011204003001","块料墙面","1.面层材料品种、规格、颜色:240×60×10仿古青砖\n2.底层厚度、砂浆配合比:20厚1：2.5水泥砂浆",null,"m2","11.26",140.3,null,1579.78]
[18,"010901001001","瓦屋面","1.瓦品种、规格:蓝灰色陶瓦",null,"m2","32.1",97.65,null,3134.57]
[19,"020111003001","成品挂落","1.成品挂落",null,"个","4",180,null,720]
[20,"020602014001","成品塔顶","1.成品塔顶",null,"个","1",260,null,260]
[21,"010807001001","烧制瓦片拼接漏花","1.烧制瓦片拼接漏花",null,"m2","4.3",90.46,null,388.98]
[22,"050305004001","凉亭坐凳","1.凉亭坐凳制作、安装",null,"m","5.6",328.17,null,1837.75]
[null,null,"其他装饰工程合计",{"$nulls":6},17861.75]
[null,null,"分部分项合计",{"$nulls":6},39596.67]
[null,null,"措施项目"]
["本页小计",{"$nulls":8},24323.41]
["注：为计取规费等的使用，可在表中增设其中：“定额人工费”。"]
[{"$nulls":8},"表—08"]
["分部分项工程和单价措施项目清单与计价表"]
["工程名称：板桥公园、廖地公园建设工程--山顶风雨亭工程",{"$nulls":3},"标段：",{"$nulls":3},"第 3 页  共 3 页"]
["序号","项目编码","项目名称","项目特征描述",null,"计量单位","工程量","金额（元）"]
[{"$nulls":7},"综合单价",null,"综合合价","其中：暂估价"]
[23,"粤011701008001","综合钢脚手架","1.综合钢脚手架搭拆 高度(m以内) 12.5\n2.建筑用综合脚手架使用费",null,"m2","111.36",28.46,null,3169.31]
[24,"011702001001","基础","1.独立基础模板",null,"m2","11.2",50.62,null,566.94]
[25,"011702001002","基础","1.基础垫层模板",null,"m2","3.34",29.86,null,99.73]
[26,"011702025001","其他现浇构件","1.小型构件模板",null,"m2","3.4",83.01,null,282.23]
[27,"011702002001","矩形柱","1.矩形柱模板(周长m) 支模高度3.6m内 1.2内",null,"m2","21.32",70.56,null,1504.34]
[28,"011702005001","基础梁","1.基础梁模板",null,"m2","32.72",58.48,null,1913.47]
[29,"011702014001","有梁板","1.有梁板模板 支模高度3.6m \u007f实际支模高度(m):4.39",null,"m2","25.63",72.85,null,1867.15]
[null,null,"单价措施合计",{"$nulls":6},9403.17]
{"$rows_empty":17}
["本页小计",{"$nulls":8},9403.17]
["合   计",{"$nulls":8},48999.84]
["注：为计取规费等的使用，可在表中增设其中：“定额人工费”。"]
[{"$nulls":8},"表—08"]

{"sheet":"表-09 分部分项工程量清单综合单价分析表","index":2,"n_rows":106,"n_cols":14,"rows_kept":106,"merged":[[0,0,0,13],[1,0,1,9],[1,10,1,13],[2,0,3,0],[2,1,3,1],[2,2,3,3],[2,4,3,4],[2,5,3,5],[2,6,2,12],[2,13,3,13],[3,9,3,10],[4,2,4,3],[4,9,4,10],[5,0,7,0],[5,2,5,3],[5,9,5,10],[5,13,5,13],[6,2,6,3],[6,9,6,10],[6,13,7,13],[7,2,7,3],[7,9,7,10],[8,2,8,3],[8,9,8,10],[9,2,9,3],[9,9,9,10],[10,0,12,0],[10,2,10,3],[10,9,10,10],[10,13,10,13],[11,2,11,3],[11,9,11,10],[11,13,12,13],[12,2,12,3],[12,9,12,10],[13,2,13,3],[13,9,13,10],[14,0,16,0],[14,2,14,3],[14,9,14,10],[14,13,14,13],[15,2,15,3],[15,9,15,10],[15,13,16,13],[16,2,16,3],[16,9,16,10],[17,2,17,3],[17,9,17,10],[18,0,19,0],[18,2,18,3],[18,9,18,10],[18,13,18,13],[19,2,19,3],[19,9,19,10],[19,13,19,13],[20,2,20,3],[20,9,20,10],[21,2,21,3],[21,9,21,10],[22,0,22,13],[23,0,23,9],[23,10,23,13],[24,0,25,0],[24,1,25,1],[24,2,25,3],[24,4,25,4],[24,5,25,5],[24,6,24,12],[24,13,25,13],[25,9,25,10],[26,0,27,0],[26,2,26,3],[26,9,26,10],[26,13,26,13],[27,2,27,3],[27,9,27,10],[27,13,27,13],[28,2,28,3],[28,9,28,10],[29,2,29,3],[29,9,29,10],[30,0,31,0],[30,2,30,3],[30,9,30,10],[30,13,30,13],[31,2,31,3],[31,9,31,10],[31,13,31,13],[32,2,32,3],[32,9,32,10],[33,0,34,0],[33,2,33,3],[33,9,33,10],[33,13,33,13],[34,2,34,3],[34,9,34,10],[34,13,34,13],[35,2,35,3],[35,9,35,10],[36,0,37,0],[36,2,36,3],[36,9,36,10],[36,13,36,13],[37,2,37,3],[37,9,37,10],[37,13,37,13],[38,2,38,3],[38,9,38,10],[39,0,40,0],[39,2,39,3],[39,9,39,10],[39,13,39,13],[40,2,40,3],[40,9,40,10],[40,13,40,13],[41,2,41,3],[41,9,41,10],[42,0,42,13],[43,0,43,9],[43,10,43,13],[44,0,45,0],[44,1,45,1],[44,2,45,3],[44,4,45,4],[44,5,45,5],[44,6,44,12],[44,13,45,13],[45,9,45,10],[46,0,47,0],[46,2,46,3],[46,9,46,10],[46,13,46,13],[47,2,47,3],[47,9,47,10],[47,13,47,13],[48,2,48,3],[48,9,48,10],[49,0,50,0],[49,2,49,3],[49,9,49,10],[49,13,49,13],[50,2,50,3],[50,9,50,10],[50,13,50,13],[51,2,51,3],[51,9,51,10],[52,0,53,0],[52,2,52,3],[52,9,52,10],[52,13,52,13],[53,2,53,3],[53,9,53,10],[53,13,53,13],[54,2,54,3],[54,9,54,10],[55,0,56,0],[55,2,55,3],[55,9,55,10],[55,13,55,13],[56,2,56,3],[56,9,56,10],[56,13,56,13],[57,2,57,3],[57,9,57,10],[58,0,59,0],[58,2,58,3],[58,9,58,10],[58,13,58,13],[59,2,59,3],[59,9,59,10],[59,13,59,13],[60,2,60,3],[60,9,60,10],[61,2,61,3],[61,9,61,10],[62,0,63,0],[62,2,62,3],[62,9,62,10],[62,13,62,13],[63,2,63,3],[63,9,63,10],[63,13,63,13],[64,0,64,13],[65,0,65,9],[65,10,65,13],[66,0,67,0],[66,1,67,1],[66,2,67,3],[66,4,67,4],[66,5,67,5],[66,6,66,12],[66,13,67,13],[67,9,67,10],[68,0,71,0],[68,2,68,3],[68,9,68,10],[68,13,71,13],[69,2,69,3],[69,9,69,10],[70,2,70,3],[70,9,70,10],[71,2,71,3],[71,9,71,10],[72,2,72,3],[72,9,72,10],[73,0,76,0],[73,2,73,3],[73,9,73,10],[73,13,73,13],[74,2,74,3],[74,9,74,10],[74,13,76,13],[75,2,75,3],[75,9,75,10],[76,2,76,3],[76,9,76,10],[77,2,77,3],[77,9,77,10],[78,0,79,0],[78,2,78,3],[78,9,78,10],[78,13,78,13],[79,2,79,3],[79,9,79,10],[79,13,79,13],[80,0,80,13],[81,0,81,9],[81,10,81,13],[82,0,83,0],[82,1,83,1],[82,2,83,3],[82,4,83,4],[82,5,83,5],[82,6,82,12],[82,13,83,13],[83,9,83,10],[84,0,84,0],[84,2,84,3],[84,9,84,10],[84,13,84,13],[85,2,85,3],[85,9,85,10],[86,0,87,0],[86,2,86,3],[86,9,86,10],[86,13,86,13],[87,2,87,3],[87,9,87,10],[87,13,87,13],[88,2,88,3],[88,9,88,10],[89,0,90,0],[89,2,89,3],[89,9,89,10],[89,13,89,13],[90,2,90,3],[90,9,90,10],[90,13,90,13],[91,2,91,3],[91,9,91,10],[92,0,93,0],[92,2,92,3],[92,9,92,10],[92,13,92,13],[93,2,93,3],[93,9,93,10],[93,13,93,13],[94,2,94,3],[94,9,94,10],[95,0,97,0],[95,2,95,3],[95,9,95,10],[95,13,95,13],[96,2,96,3],[96,9,96,10],[96,13,97,13],[97,2,97,3],[97,9,97,10],[98,2,98,3],[98,9,98,10],[99,0,99,0],[99,2,99,3],[99,9,99,10],[99,13,99,13],[100,0,100,13],[101,0,101,9],[101,10,101,13],[102,0,103,0],[102,1,103,1],[102,2,103,3],[102,4,103,4],[102,5,103,5],[102,6,102,12],[102,13,103,13],[103,9,103,10],[104,0,105,0],[104,2,104,3],[104,9,104,10],[104,13,105,13],[105,2,105,3],[105,9,105,10],[106,2,106,3],[106,9,106,10],[107,0,107,0],[107,2,107,3],[107,9,107,10],[107,13,107,13],[108,0,108,0],[108,2,108,3],[108,9,108,10],[108,13,108,13],[109,0,109,0],[109,2,109,3],[109,9,109,10],[109,13,109,13],[110,0,110,0],[110,2,110,3],[110,9,110,10],[110,13,110,13],[111,0,111,0],[111,2,111,3],[111,9,111,10],[111,13,111,13],[112,0,112,0],[112,2,112,3],[112,9,112,10],[112,13,112,13],[113,0,113,0],[113,2,113,3],[113,9,113,10],[113,13,113,13],[114,0,114,0],[114,2,114,3],[114,9,114,10],[114,13,114,13],[115,0,115,0],[115,2,115,3],[115,9,115,10],[115,13,115,13],[116,0,116,0],[116,2,116,3],[116,9,116,10],[116,13,116,13],[117,0,117,0],[117,2,117,3],[117,9,117,10],[117,13,117,13],[118,0,118,0],[118,2,118,3],[118,9,118,10],[118,13,118,13],[119,0,119,0],[119,2,119,3],[119,9,119,10],[119,13,119,13],[120,0,120,0],[120,2,120,3],[120,9,120,10],[120,13,120,13],[121,0,121,0],[121,2,121,3],[121,9,121,10],[121,13,121,13],[122,0,122,0],[122,2,122,3],[122,9,122,10],[122,13,122,13],[123,0,123,0],[123,2,123,3],[123,9,123,10],[123,13,123,13]]}
["分部分项工程量清单综合单价分析表"]
["工程名称：板桥公园、廖地公园建设工程--山顶风雨亭工程",{"$nulls":9},"第 1 页 共 6 页"]
["序号","编码","名称",null,"单位","工程量 ","其中：（元）",{"$nulls":6},"综合单价\n（元）"]
[{"$nulls":6},"人工费","材料费","机械费","管理费",null,"利润","小计"]
[null,null,"余泥渣土运输费"]
[1,"010103002001","余方弃置",null,"m3",7.63,0.39,null,9.2,1.49,null,1.92,12.99]
[null,"A1-1-51","挖掘机装土方",null,"1000m3",0.00763,0.39,null,1.93,0.36,null,0.46,3.14,12.99]
[null,"A1-1-53","自卸汽车运土方 运距1km内",null,"1000m3",0.00763,null,null,7.27,1.13,null,1.45,9.86]
[]
[null,null,"土石方工程"]
[2,"010101003001","挖沟槽土方",null,"m3",12.98,2.1,null,3.72,0.9,null,1.16,7.88]
[null,"A1-1-18","人工挖沟槽土方 一、二类土 深度在2m内",null,"100m3",0.00649,1.49,null,null,0.23,null,0.3,2.02,7.88]
[null,"A1-1-41","挖掘机挖沟槽、基坑土方 一、二类土",null,"1000m3",0.012331,0.61,null,3.72,0.67,null,0.87,5.86]
[]
[3,"010101004001","挖基坑土方",null,"m3",24.89,2.17,null,3.72,0.91,null,1.18,7.98]
[null,"A1-1-9","人工挖基坑土方 一、二类土 深度在2m内",null,"100m3",0.012445,1.56,null,null,0.24,null,0.31,2.12,7.98]
[null,"A1-1-41","挖掘机挖沟槽、基坑土方 一、二类土",null,"1000m3",0.023646,0.61,null,3.72,0.67,null,0.87,5.86]
[]
[4,"010103001001","回填方",null,"m3",30.23,12.32,null,2.09,2.23,null,2.88,19.53]
[null,"A1-1-129","回填土 夯实机夯实 槽、坑",null,"100m3",0.3023,12.32,null,2.09,2.23,null,2.88,19.53,19.53]
[]
[null,null,"砌筑工程"]
["分部分项工程量清单综合单价分析表"]
["工程名称：板桥公园、廖地公园建设工程--山顶风雨亭工程",{"$nulls":9},"第 2 页 共 6 页"]
["序号","编码","名称",null,"单位","工程量 ","其中：（元）",{"$nulls":6},"综合单价\n（元）"]
[{"$nulls":6},"人工费","材料费","机械费","管理费",null,"利润","小计"]
[5,"010402001001","砌块墙",null,"m3",4.73,161.77,336.08,null,24.49,null,32.36,554.7]
[null,"A1-4-48 换","蒸压加气混凝土砌块外墙 墙体厚度 20cm \u007f换为【湿拌砌筑砂浆砌筑灰缝≥5mm M7.5】",null,"10m3",0.473,161.77,336.08,null,24.49,null,32.36,554.7,554.7]
[]
[null,null,"混凝土及钢筋混凝土工程"]
[6,"010501001001","垫层",null,"m3",1.02,57.83,591.52,null,16.63,null,11.57,677.55]
[null,"A1-5-78 换","混凝土垫层 \u007f换为【普通预拌混凝土碎石粒径综合考虑 C15】",null,"10m3",0.102,57.83,591.52,null,16.63,null,11.57,677.55,677.55]
[]
[7,"010501003001","独立基础",null,"m3",3.92,45.69,636.34,0.81,13.37,null,9.3,705.51]
[null,"A1-5-2 换","现浇建筑物混凝土 其他混凝土基础 \u007f换为【普通预拌混凝土碎石粒径综合考虑 C25】",null,"10m3",0.392,45.69,636.34,0.81,13.37,null,9.3,705.51,705.51]
[]
[8,"010502001001","矩形柱",null,"m3",1.65,118.1,647,1.3,34.33,null,23.88,824.61]
[null,"A1-5-5 换","现浇建筑物混凝土 矩形、多边形、异形、圆形柱、钢管柱 \u007f换为【普通预拌混凝土碎石粒径综合考虑 C25】",null,"10m3",0.165,118.1,647,1.3,34.33,null,23.88,824.61,824.61]
[]
[9,"010503001001","基础梁",null,"m3",3.43,36.43,647.35,1.31,10.85,null,7.55,703.5]
[null,"A1-5-8 换","现浇建筑物混凝土 基础梁 \u007f换为【普通预拌混凝土碎石粒径综合考虑 C25】",null,"10m3",0.343,36.43,647.35,1.31,10.85,null,7.55,703.5,703.5]
[]
["分部分项工程量清单综合单价分析表"]
["工程名称：板桥公园、廖地公园建设工程--山顶风雨亭工程",{"$nulls":9},"第 3 页 共 6 页"]
["序号","编码","名称",null,"单位","工程量 ","其中：（元）",{"$nulls":6},"综合单价\n（元）"]
[{"$nulls":6},"人工费","材料费","机械费","管理费",null,"利润","小计"]
[10,"010505001001","有梁板",null,"m3",3.1,46.6,650.36,1.46,13.82,null,9.61,721.86]
[null,"A1-5-14 换","现浇建筑物混凝土 平板、有梁板、无梁板 \u007f换为【普通预拌混凝土碎石粒径综合考虑 C25】",null,"10m3",0.31,46.6,650.36,1.46,13.82,null,9.61,721.86,721.86]
[]
[11,"010515001001","现浇构件钢筋",null,"t",0.345,710.26,4967.77,28.67,212.44,null,147.78,6066.9]
[null,"A1-5-102","现浇构件圆钢 φ10内",null,"t",0.345,710.26,4967.77,28.67,212.43,null,147.77,6066.9,6066.9]
[]
[12,"010515001002","现浇构件钢筋",null,"t",0.017,445.29,5022.35,52.35,142.98,null,99.46,5762.13]
[null,"A1-5-103","现浇构件圆钢 φ25内",null,"t",0.017,445.29,5022.35,52.35,142.94,null,99.41,5762.35,5762.13]
[]
[13,"010515001003","现浇构件钢筋",null,"t",0.731,478.15,5567.56,53.56,152.87,null,106.34,6358.5]
[null,"A1-5-106","现浇构件带肋钢筋 φ25以内",null,"t",0.731,478.15,5567.56,53.56,152.87,null,106.33,6358.5,6358.5]
[]
[14,"010515001004","现浇构件钢筋",null,"t",0.243,1246.09,5521.4,59.42,375.34,null,261.11,7463.38]
[null,"A1-5-111","现浇构件箍筋 圆钢 φ10以内",null,"t",0.243,1246.09,5521.4,59.42,375.35,null,261.11,7463.37,7463.38]
[]
[null,null,"其他装饰工程"]
[15,"040203008001","块料面层",null,"m2",12.95,40.96,232.66,5.32,5.26,null,9.26,293.46]
[null,"借D2-4-3 换","花岗岩人行道砖 5cm \u007f换为【湿拌地面砂浆地面普通找平 M20】",null,"100m2",0.1295,27.21,139.26,null,3.09,null,5.44,175.01,293.46]
["分部分项工程量清单综合单价分析表"]
["工程名称：板桥公园、廖地公园建设工程--山顶风雨亭工程",{"$nulls":9},"第 4 页 共 6 页"]
["序号","编码","名称",null,"单位","工程量 ","其中：（元）",{"$nulls":6},"综合单价\n（元）"]
[{"$nulls":6},"人工费","材料费","机械费","管理费",null,"利润","小计"]
[null,"借D2-4-14 换","人行道垫层 混凝土 厚度 15cm \u007f实际厚度(cm):10 \u007f换为【普通预拌混凝土碎石粒径综合考虑 C25】",null,"100m2",0.1295,12.23,63.71,0.12,1.4,null,2.47,79.94]
[null,"借D2-2-4","集中拌合水泥石屑混合料 水泥含量 6%",null,"m3",1.295,1.09,29.53,0.84,0.22,null,0.39,32.07]
[null,"借D2-2-8 换","自卸汽车运输水泥石屑(碎石)混合料 自卸汽车装载 第一个1km \u007f实际运距(km):15",null,"100m3",0.01295,null,null,3.29,0.37,null,0.66,4.33]
[null,"借D2-2-12 换","机械铺筑水泥石屑(碎石)混合料 厚度 15cm \u007f实际厚度(cm):10",null,"100m2",0.1295,0.42,0.16,1.07,0.17,null,0.3,2.12]
[]
[16,"011201001001","抹灰面油漆",null,"m2",35.65,59.84,90.18,0.8,9.3,null,12.13,172.24]
[null,"A1-13-2 换","底层抹灰15mm 各种墙面 外墙 \u007f实际水泥石灰砂浆厚度(mm):8 \u007f换为【湿拌抹灰砂浆一次抹灰厚度≥5mm M15】",null,"100m2",0.3565,14.54,5.87,null,2.25,null,2.91,25.58,172.24]
[null,"A1-13-23","墙面 聚合物水泥砂浆 20mm",null,"100m2",0.3565,22.24,38.95,0.8,3.57,null,4.61,70.18]
[null,"A1-15-144","氟碳漆成活 墙面及天棚面",null,"100m2",0.3565,23.05,45.36,null,3.47,null,4.61,76.49]
[]
[17,"011204003001","块料墙面",null,"m2",11.26,63.3,54.52,null,9.81,null,12.66,140.3]
[null,"A1-13-153 换","墙面镶贴陶瓷面砖密缝 1:2水泥砂浆 块料周长600内  \u007f换为【湿拌抹灰砂浆一次抹灰厚度≥5mm M20】",null,"100m2",0.1126,43.9,38.72,null,6.8,null,8.78,98.2,140.3]
["分部分项工程量清单综合单价分析表"]
["工程名称：板桥公园、廖地公园建设工程--山顶风雨亭工程",{"$nulls":9},"第 5 页 共 6 页"]
["序号","编码","名称",null,"单位","工程量 ","其中：（元）",{"$nulls":6},"综合单价\n（元）"]
[{"$nulls":6},"人工费","材料费","机械费","管理费",null,"利润","小计"]
[null,"A1-13-2 换","底层抹灰15mm 各种墙面 外墙 \u007f实际水泥石灰砂浆厚度(mm):20  \u007f换为【湿拌抹灰砂浆一次抹灰厚度≥5mm M20】",null,"100m2",0.1126,19.4,15.8,null,3.01,null,3.88,42.09]
[]
[18,"010901001001","瓦屋面",null,"m2",32.1,41.82,40.92,0.38,6.1,null,8.44,97.65]
[null,"A1-10-27 换","小青瓦屋面 搭七留三 有底瓦 \u007f换为【湿拌抹灰砂浆一次抹灰厚度≥5mm M15】",null,"100m2",0.321,41.82,40.92,0.38,6.1,null,8.44,97.65,97.65]
[]
[19,"020111003001","成品挂落",null,"个",4,null,180,{"$nulls":4},180]
[null,"补子目1","挂落",null,"个",4,null,180,{"$nulls":4},180,180]
[]
[20,"020602014001","成品塔顶",null,"个",1,null,260,{"$nulls":4},260]
[null,"补子目3","成品塔顶",null,"个",1,null,260,{"$nulls":4},260,260]
[]
[21,"010807001001","烧制瓦片拼接漏花",null,"m2",4.3,16.4,68.38,null,2.4,null,3.28,90.46]
[null,"A1-9-208 换","烧制瓦片拼接漏花窗安装 矩形",null,"100m2",0.043,16.4,43.38,null,2.4,null,3.28,65.46,90.46]
[null,"MC1-102","烧制瓦片拼接漏花",null,"m2",4.3,null,25,{"$nulls":4},25]
[]
[22,"050305004001","凉亭坐凳",null,"m",5.6,60.36,225.75,13.59,13.66,null,14.79,328.17]
["分部分项工程量清单综合单价分析表"]
["工程名称：板桥公园、廖地公园建设工程--山顶风雨亭工程",{"$nulls":9},"第 6 页 共 6 页"]
["序号","编码","名称",null,"单位","工程量 ","其中：（元）",{"$nulls":6},"综合单价\n（元）"]
[{"$nulls":6},"人工费","材料费","机械费","管理费",null,"利润","小计"]
[null,"A1-5-31 换","现浇混凝土其他构件 小型构件 \u007f换为【普通预拌混凝土碎石粒径综合考虑 C25】",null,"10m3",0.0448,22.2,52.03,null,6.38,null,4.44,85.05,328.17]
[null,"A1-16-106 换","钢栏杆 制安",null,"100m",0.064,38.16,173.72,13.59,7.28,null,10.35,243.12]

{"sheet":"表-11 总价措施项目清单与计价表","index":3,"n_rows":12,"n_cols":11,"rows_kept":12,"merged":[[0,0,0,10],[1,0,1,5],[1,6,1,7],[1,8,1,10],[2,5,2,6],[2,7,2,8],[3,5,3,6],[3,7,3,8],[4,5,4,6],[4,7,4,8],[5,5,5,6],[5,7,5,8],[6,5,6,6],[6,7,6,8],[7,5,7,6],[7,7,7,8],[8,0,8,4],[8,5,8,6],[8,7,8,8],[9,0,9,5],[9,6,9,10],[10,0,10,10],[11,0,11,5],[11,6,11,7],[11,8,11,10]]}
["总价措施项目清单与计价表"]
["工程名称：板桥公园、廖地公园建设工程--山顶风雨亭工程",{"$nulls":5},"标段：",null,"第 1 页  共 1 页"]
["序号","项目编码","项目名称","计算基础","费率\n(%)","金额\n(元)",null,"调整\n费率(%)",null,"调整后\n金额(元)","备注"]
["1","LSSGCSF00001","绿色施工安全防护措施费","分部分项人工费+分部分项机具费","19",1614.09,{"$nulls":4},"以分部分项的人工费与施工机具费之和为计算基础，费率19%"]
["2","WMGDZJF00001","文明工地增加费","分部分项人工费+分部分项机具费","0",{"$nulls":5},"以分部分项的人工费与施工机具费之和为计算基础，市级文明工地为1.20%；省级文明工地为2.10%"]
["3","011707002001","夜间施工增加费",null,"20",{"$nulls":5},"以夜间施工项目人工费的20%计算"]
["4","GGCSF0000001","赶工措施费","分部分项人工费+分部分项机具费","0",{"$nulls":5},"赶工措施费=（1-δ）*分部分项的（人工费+施工机具费）*0.3 （0.8≤δ＜1   式中：δ=合同工期/定额工期）"]
["5","QTFY00000001","其他费用",{"$nulls":7},"按经批准的专项施工组织方案计算"]
["合    计",{"$nulls":4},1614.09]
["编制人（造价人员）：",{"$nulls":5},"复核人（造价工程师）："]
["注：1.“计算基础”中安全文明施工费可为“定额基价”、“定额人工费”或“定额人工费+定额机械费”，其他项目可为“定额人工费”或“定额人工费+定额机械费”。\n    2.按施工方案计算的措施费，若无“计算基础”和“费率”的数值，也可只填“金额”数值，但应在备注栏说明施工方案出处或计算方法。"]
[{"$nulls":8},"表-11"]

{"sheet":"表-12 其他项目清单与计价汇总表","index":4,"n_rows":38,"n_cols":7,"rows_kept":38,"merged":[[0,0,0,4],[0,5,0,7],[1,0,1,7],[2,0,2,2],[2,3,2,4],[2,5,2,7],[3,2,3,3],[3,4,3,5],[4,2,4,3],[4,4,4,5],[5,2,5,3],[5,4,5,5],[6,2,6,3],[6,4,6,5],[7,2,7,3],[7,4,7,5],[8,2,8,3],[8,4,8,5],[9,2,9,3],[9,4,9,5],[10,2,10,3],[10,4,10,5],[11,2,11,3],[11,4,11,5],[12,2,12,3],[12,4,12,5],[13,2,13,3],[13,4,13,5],[14,2,14,3],[14,4,14,5],[15,2,15,3],[15,4,15,5],[16,2,16,3],[16,4,16,5],[17,2,17,3],[17,4,17,5],[18,2,18,3],[18,4,18,5],[19,2,19,3],[19,4,19,5],[20,2,20,3],[20,4,20,5],[21,2,21,3],[21,4,21,5],[22,2,22,3],[22,4,22,5],[23,2,23,3],[23,4,23,5],[24,2,24,3],[24,4,24,5],[25,2,25,3],[25,4,25,5],[26,2,26,3],[26,4,26,5],[27,2,27,3],[27,4,27,5],[28,2,28,3],[28,4,28,5],[29,2,29,3],[29,4,29,5],[30,2,30,3],[30,4,30,5],[31,2,31,3],[31,4,31,5],[32,2,32,3],[32,4,32,5],[33,2,33,3],[33,4,33,5],[34,2,34,3],[34,4,34,5],[35,2,35,3],[35,4,35,5],[36,0,36,7],[37,0,37,2],[37,3,37,4],[37,5,37,7]]}
[]
["其他项目清单与计价汇总表"]
["工程名称：板桥公园、廖地公园建设工程--山顶风雨亭工程",null,null,"标段：",null,"第 1 页  共 1 页"]
["序号","项目名称","金额（元）",null,"结算金额（元）",null,"备注"]
["1","暂列金额",{"$nulls":4},"明细详见表-12-1"]
["2","暂估价"]
["2.1","材料暂估价","—",{"$nulls":3},"明细详见表-12-2"]
["2.2","专业工程暂估价",{"$nulls":4},"明细详见表-12-3"]
["3","计日工",{"$nulls":4},"明细详见表-12-4"]
["4","总承包服务费",{"$nulls":4},"明细详见表-12-5"]
["5","预算包干费","594.66"]
["6","工程优质费"]
["7","概算幅度差"]
["8","现场签证费用"]
["9","索赔费用"]
["10","其他费用"]
{"$rows_empty":19}
[null,"合  计","594.66",{"$nulls":3},"—"]
["注：材料（工程设备）暂估单价进入清单项目综合单价，此处不汇总。"]
[{"$nulls":5},"表—12"]

{"sheet":"表-13 规费、税金项目清单与计价表","index":5,"n_rows":37,"n_cols":8,"rows_kept":37,"merged":[[0,0,0,7],[1,0,1,2],[1,3,1,5],[1,6,1,7],[2,2,2,3],[2,5,2,6],[3,2,3,3],[3,5,3,6],[4,2,4,3],[4,5,4,6],[5,2,5,3],[5,5,5,6],[6,2,6,3],[6,5,6,6],[7,2,7,3],[7,5,7,6],[8,2,8,3],[8,5,8,6],[9,2,9,3],[9,5,9,6],[10,2,10,3],[10,5,10,6],[11,2,11,3],[11,5,11,6],[12,2,12,3],[12,5,12,6],[13,2,13,3],[13,5,13,6],[14,2,14,3],[14,5,14,6],[15,2,15,3],[15,5,15,6],[16,2,16,3],[16,5,16,6],[17,2,17,3],[17,5,17,6],[18,2,18,3],[18,5,18,6],[19,2,19,3],[19,5,19,6],[20,2,20,3],[20,5,20,6],[21,2,21,3],[21,5,21,6],[22,2,22,3],[22,5,22,6],[23,2,23,3],[23,5,23,6],[24,2,24,3],[24,5,24,6],[25,2,25,3],[25,5,25,6],[26,2,26,3],[26,5,26,6],[27,2,27,3],[27,5,27,6],[28,2,28,3],[28,5,28,6],[29,2,29,3],[29,5,29,6],[30,2,30,3],[30,5,30,6],[31,2,31,3],[31,5,31,6],[32,2,32,3],[32,5,32,6],[33,2,33,3],[33,5,33,6],[34,0,34,6],[35,0,35,2],[35,3,35,7],[36,0,36,2],[36,3,36,5],[36,6,36,7]]}
["规费、税金项目清单与计价表"]
["工程名称：板桥公园、廖地公园建设工程--山顶风雨亭工程",null,null,"标段：",null,null,"第 1 页  共 1 页"]
["序号","项目名称","计算基础",null,"取费基数","计算费率\n(%)",null,"金额(元)"]
["1","增值税销项税额","分部分项合计+措施合计+其他项目",null,51208.59,"9",null,4608.77]
{"$rows_empty":30}
["合    计",{"$nulls":6},4608.77]
[" 编制人（造价人员）：",null,null,"复核人（造价工程师）："]
[{"$nulls":6},"表—13"]

{"sheet":"单位工程人材机汇总表","index":6,"n_rows":107,"n_cols":9,"rows_kept":107,"merged":[[0,0,0,9],[1,0,1,5],[1,7,1,9],[2,5,2,7],[3,5,3,7],[4,5,4,7],[5,5,5,7],[6,5,6,7],[7,5,7,7],[8,5,8,7],[9,5,9,7],[10,5,10,7],[11,5,11,7],[12,5,12,7],[13,5,13,7],[14,5,14,7],[15,5,15,7],[16,5,16,7],[17,5,17,7],[18,5,18,7],[19,5,19,7],[20,5,20,7],[21,5,21,7],[22,5,22,7],[23,5,23,7],[24,5,24,7],[25,5,25,7],[26,5,26,7],[27,5,27,7],[28,5,28,7],[29,5,29,7],[30,5,30,7],[31,5,31,7],[32,5,32,7],[33,5,33,7],[34,5,34,7],[35,0,35,9],[36,0,36,5],[36,7,36,9],[37,5,37,7],[38,5,38,7],[39,5,39,7],[40,5,40,7],[41,5,41,7],[42,5,42,7],[43,5,43,7],[44,5,44,7],[45,5,45,7],[46,5,46,7],[47,5,47,7],[48,5,48,7],[49,5,49,7],[50,5,50,7],[51,5,51,7],[52,5,52,7],[53,5,53,7],[54,5,54,7],[55,5,55,7],[56,5,56,7],[57,5,57,7],[58,5,58,7],[59,5,59,7],[60,5,60,7],[61,5,61,7],[62,5,62,7],[63,5,63,7],[64,5,64,7],[65,5,65,7],[66,5,66,7],[67,5,67,7],[68,5,68,7],[69,5,69,7],[70,5,70,7],[71,5,71,7],[72,0,72,9],[73,0,73,5],[73,7,73,9],[74,5,74,7],[75,5,75,7],[76,5,76,7],[77,5,77,7],[78,5,78,7],[79,5,79,7],[80,5,80,7],[81,5,81,7],[82,5,82,7],[83,5,83,7],[84,5,84,7],[85,5,85,7],[86,5,86,7],[87,5,87,7],[88,5,88,7],[89,5,89,7],[90,5,90,7],[91,5,91,7],[92,5,92,7],[93,5,93,7],[94,5,94,7],[95,5,95,7],[96,5,96,7],[97,5,97,7],[98,5,98,7],[99,5,99,7],[100,5,100,7],[101,5,101,7],[102,5,102,7],[103,5,103,7],[104,5,104,7],[105,5,105,7],[106,5,106,7]]}
["单位工程人材机汇总表"]
["工程名称：板桥公园、廖地公园建设工程--山顶风雨亭工程",{"$nulls":6},"第 1 页  共 3 页"]
["序号","编码","名称及规格","单位","数量","单价\n（元）",null,null,"合价\n（元）"]
[1,"00010010","人工费","元",12368.5223,1,null,null,12368.52]
[2,"01010030","热轧圆盘条φ10以内","t",0.3519,4805.67,null,null,1691.12]
[3,"01010035","热轧圆盘条φ12~25","t",0.0174,4818.5,null,null,83.84]
[4,"01010040","螺纹钢筋φ25以内","t",0.7493,5349.63,null,null,4008.48]
[5,"01030017","镀锌低碳钢丝φ4.0","kg",24.1371,5.98,null,null,144.34]
[6,"01030031","镀锌低碳钢丝φ0.7~1.2","kg",7.5577,5.98,null,null,45.2]
[7,"01030035","镀锌低碳钢丝φ1.2~2.5","kg",0.9466,5.98,null,null,5.66]
[8,"01090022","圆钢φ10以内","t",0.2479,5350.5,null,null,1326.39]
[9,"01090033@1","黑色镀锌座椅栏杆20×20×1.5","t",0.0102,4550.08,null,null,46.41]
[10,"01130030@1","黑色镀锌座椅栏杆50×50×3","kg",25.5,4.73,null,null,120.62]
[11,"02270070","土工布","m2",26.7351,6.69,null,null,178.86]
[12,"03010155","不锈钢螺钉M5×12","十套",10.5092,2.23,null,null,23.44]
[13,"03010195","木螺钉M5×50","十套",21.0218,0.32,null,null,6.73]
[14,"03011325","对拉螺栓","kg",2.1193,5.38,null,null,11.4]
[15,"03013121","膨胀螺栓M6×80","十套",0.2227,2.65,null,null,0.59]
[16,"03019021","圆钉50~75","kg",19.0485,3.54,null,null,67.43]
[17,"03134011","水砂纸","张",4.278,0.77,null,null,3.29]
[18,"03135001","低碳钢焊条综合","kg",8.7766,6.01,null,null,52.75]
[19,"03210280","钢脚手直角扣件","个",4.2537,3.3,null,null,14.04]
[20,"03213001","铁件综合","kg",2.4305,6.96,null,null,16.92]
[21,"03213111","镀锌铁码","支",100.3319,0.47,null,null,47.16]
[22,"03213121","镀锌铁件","kg",14.2214,4.55,null,null,64.71]
[23,"04010015","复合普通硅酸盐水泥P.O 42.5","t",0.4669,528,null,null,246.52]
[24,"04010015@1","复合普通硅酸盐水泥P.O 42.5","t",0.2222,528,null,null,117.32]
[25,"04010045","白色硅酸盐水泥32.5","t",0.0011,839.63,null,null,0.92]
[26,"04030015","中砂","m3",0.8886,276.71,null,null,245.88]
[27,"04070045","石屑","m3",1.7651,163.11,null,null,287.91]
[28,"04090015","生石灰","t",0.0006,407.67,null,null,0.24]
[29,"04150010","蒸压加气混凝土砌块600×200×200","千块",0.1873,7082.88,null,null,1326.62]
[30,"04170040","小青瓦盖瓦160×160×11","千块",2.9776,143.63,null,null,427.67]
[31,"04170050","小青瓦底瓦200×200×13","千块",2.3035,203.54,null,null,468.85]
[32,"05030080","松杂板枋材","m3",0.6837,1348.1,null,null,921.7]
["单位工程人材机汇总表"]
["工程名称：板桥公园、廖地公园建设工程--山顶风雨亭工程",{"$nulls":6},"第 2 页  共 3 页"]
["序号","编码","名称及规格","单位","数量","单价\n（元）",null,null,"合价\n（元）"]
[33,"05030370","松杂直边板","m3",0.0092,1418.15,null,null,13.05]
[34,"05050120","防水胶合板模板用 18mm","m2",10.8127,33.14,null,null,358.33]
[35,"07010000@1","仿古青砖120×240","m2",11.7104,33.5,null,null,392.3]
[36,"13010035","丙烯酸聚氨酯漆","kg",8.5239,30,null,null,255.72]
[37,"13030505","腻子粉(氟碳漆用)","kg",101.1034,4.5,null,null,454.97]
[38,"13050440","酚醛红丹防锈漆","kg",10.3342,17.04,null,null,176.09]
[39,"13090015","氟碳清漆","kg",2.1568,86,null,null,185.48]
[40,"13090030","金属氟碳漆面漆","kg",6.2388,81.2,null,null,506.59]
[41,"13410010","嵌缝料","kg",2.472,0.58,null,null,1.43]
[42,"13410050","软填料","kg",1.075,3.9,null,null,4.19]
[43,"14010030","松节油","kg",3.2406,8.84,null,null,28.65]
[44,"14350125","丙烯酸聚氨酯稀释剂","kg",5.0267,15,null,null,75.4]
[45,"14350250","隔离剂","kg",9.761,7.05,null,null,68.82]
[46,"14350273","氟碳漆固化剂","kg",0.5633,63,null,null,35.49]
[47,"14350275","丙烯酸固化剂","kg",1.5187,22,null,null,33.41]
[48,"14350410","聚合物乳液","kg",91.0858,9.87,null,null,899.02]
[49,"14350687","氟碳漆面漆稀释剂","kg",1.6898,32,null,null,54.07]
[50,"14410130","玻璃胶335克/支","支",3.139,13.73,null,null,43.1]
[51,"14410490","墙边胶","L",1.3201,46.77,null,null,61.74]
[52,"20010010","镀锌法兰DN32","片",71.296,10.26,null,null,731.5]
[53,"34090010","白棉纱","kg",0.1126,11.47,null,null,1.29]
[54,"34110010","水","m3",0.2544,4.58,null,null,1.17]
[55,"34110010@1","水","m3",5.1744,4.58,null,null,23.7]
[56,"35030010","脚手架钢管","kg",72.0975,3.42,null,null,246.57]
[57,"35030030","脚手架钢管底座","个",0.5108,7.05,null,null,3.6]
[58,"35030210","脚手板(钢笆网)","m2",1.9109,1.5,null,null,2.87]
[59,"35030220","挡脚板(钢笆网)","m2",0.509,1.5,null,null,0.76]
[60,"35050025","密目式阻燃安全网","m2",18.6528,8.5,null,null,158.55]
[61,"35090230","钢支撑","kg",35.6825,6.48,null,null,231.22]
[62,"99450760","其他材料费","元",146.4658,1,null,null,146.47]
[63,"BCCLF11","成品塔顶","个",1,260,null,null,260]
[64,"BCCLF9","挂落","个",4,180,null,null,720]
[65,"CLFTZ","材料费调整","元",-0.0084,1,null,null,-0.01]
[66,"MC1-102@1","烧制瓦片拼接漏花矩形","m2",4.3,25,null,null,107.5]
["单位工程人材机汇总表"]
["工程名称：板桥公园、廖地公园建设工程--山顶风雨亭工程",{"$nulls":6},"第 3 页  共 3 页"]
["序号","编码","名称及规格","单位","数量","单价\n（元）",null,null,"合价\n（元）"]
[67,"8021902","普通预拌混凝土碎石粒径综合考虑 C15","m3",1.0353,582,null,null,602.54]
[68,"8021904","普通预拌混凝土碎石粒径综合考虑 C25","m3",13.9944,622,null,null,8704.52]
[69,"8005902","湿拌砌筑砂浆砌筑灰缝≥5mm M7.5","m3",0.3694,632,null,null,233.46]
[70,"8005908@1","湿拌抹灰砂浆M15","m3",0.9279,656,null,null,608.7]
[71,"8005909@2","湿拌抹灰砂浆M20","m3",0.3164,672,null,null,212.62]
[72,"8005911","湿拌地面砂浆地面普通找平 M20","m3",0.3982,667,null,null,265.6]
[73,"08000005@1","芝麻灰花岗岩300×600×30mm","m2",13.209,115,null,null,1519.04]
[74,"00010003","机上人工","工日",1.2543,230,null,null,288.49]
[75,"99450630","折旧费","元",148.5688,1,null,null,148.57]
[76,"99450640","检修费","元",32.0999,1,null,null,32.1]
[77,"99450650","维护费","元",111.8145,1,null,null,111.81]
[78,"99450660","安拆费","元",40.254,1,null,null,40.25]
[79,"99450670","汽油(机械用)国Ⅲ93#","kg",0.1258,6.74,null,null,0.85]
[80,"99450680","柴油(机械用)0#","kg",35.144,6.36,null,null,223.52]
[81,"99450700","电(机械用)","kW·h",105.9945,0.77,null,null,81.62]
[82,"99450700@1","电(机械用)","kw·h",34.7461,0.77,null,null,26.75]
[83,"JXFTZ","机械费调整","元",-0.0005,1]
{"$rows_empty":14}
[null,null,"合计",{"$nulls":5},43755.01]